| 000 | 00529cab a2200229 4500 | ||
|---|---|---|---|
| 001 | ABS60578 | ||
| 008 | 090401t1999 xxu||||| |||| 00| 0 eng d | ||
| 035 | _a(Sirsi) u92962 | ||
| 041 | _aeng | ||
| 100 | _aEade, C. | ||
| 245 | _aFading stars | ||
| 260 | _c1999 | ||
| 350 | _a0 | ||
| 490 |
_aProperty Week _v64 (15) 16 April 1999, 30-32(3) |
||
| 650 | _aGOODWILL | ||
| 650 | _aSMALL BUSINESSES | ||
| 650 | _aSMES | ||
| 650 |
_aValuation _96273 |
||
| 690 | _aRATING AND VALUATION | ||
| 942 | _n0 | ||
| 948 | _c26/04/1999 | ||
| 999 |
_c58917 _d58917 |
||